[Event "XIV. DBMM Schach"]
[Site "Dresden"]
[Date "2014.11.21"]
[Round "4.1"]
[White "Eskandary, Jahya"]
[Black "Schildt, Rene"]
[Result "0-1"]
[WhiteElo "2091"]
[BlackElo "2073"]
[Annotator "br"]
[PlyCount "112"]
[EventDate "2014.??.??"]
[EventType "team-swiss"]
[EventRounds "7"]
[EventCountry "GER"]
[Source "FV Schach e.V."]
[SourceDate "2015.07.06"]
[WhiteTeam "Europark Altenberg"]
[BlackTeam "BA Tempelhof Berlin"]
[WhiteTeamCountry "GER"]
[BlackTeamCountry "GER"]

1. e4 d5 2. exd5 Qxd5 3. Nc3 Qd6 4. Bc4 Nf6 5. d3 a6 6. Qf3 Nc6 7. Ne4 Qe5 8.
Ne2 Qf5 9. Nxf6+ gxf6 10. Qg3 Ne5 11. Bb3 h5 12. d4 h4 13. Qf4 Nc6 14. h3 e5
15. Qxf5 Bxf5 16. Be3 Na5 17. dxe5 Nxb3 18. cxb3 fxe5 19. O-O-O f6 20. Nc3 Bd6
21. Nd5 Kf7 22. f4 e4 23. Bd4 Rh6 24. Rhf1 Bd7 25. Ne3 Rg8 26. Rf2 Ke8 27. Nc4
Be7 28. Ne3 Rg3 29. Re1 f5 30. Nd5 Bd8 31. Be5 c6 32. Ne3 Bb6 33. Kd2 Rhg6 34.
Rfe2 Ba5+ 35. Bc3 Bc7 36. Rf1 c5 37. Rff2 Kf7 38. Nf1 Rd3+ 39. Kc2 Bb5 40. Ne3
Ke6 41. Nc4 Rg8 42. a4 Be8 43. Be5 Bxe5 44. Nxe5 Rd4 45. Nf3 Rh8 46. Ng5+ Kf6
47. Re3 a5 48. Rc3 b6 49. Rd2 Bd7 50. Rc4 Rxd2+ 51. Kxd2 Be6 52. Rc3 Rd8+ 53.
Kc2 Bg8 54. g3 hxg3 55. Rxg3 Bf7 56. Rg2 Rd3 0-1

[Event "XIV. DBMM Schach"]
[Site "Dresden"]
[Date "2014.11.21"]
[Round "4.2"]
[White "Feikes, Joerg"]
[Black "Tichatschke, Wolfgang"]
[Result "1/2-1/2"]
[WhiteElo "1968"]
[BlackElo "2014"]
[Annotator "br"]
[PlyCount "22"]
[EventDate "2014.??.??"]
[EventType "team-swiss"]
[EventRounds "7"]
[EventCountry "GER"]
[Source "FV Schach e.V."]
[SourceDate "2015.07.06"]
[WhiteTeam "BA Tempelhof Berlin"]
[BlackTeam "Europark Altenberg"]
[WhiteTeamCountry "GER"]
[BlackTeamCountry "GER"]

1. e4 e6 2. d4 d5 3. Nc3 Bb4 4. e5 c5 5. Qg4 Ne7 6. Nf3 cxd4 7. Bb5+ Bd7 8. O-O
Nbc6 9. Bxc6 bxc6 10. Nxd4 c5 11. Nde2 Ng6 1/2-1/2

[Event "XIV. DBMM Schach"]
[Site "Dresden"]
[Date "2014.11.21"]
[Round "4.3"]
[White "Schmidt, Gerhard"]
[Black "Kettenburg, Stefan"]
[Result "1/2-1/2"]
[WhiteElo "2116"]
[BlackElo "2063"]
[Annotator "br"]
[PlyCount "25"]
[EventDate "2014.??.??"]
[EventType "team-swiss"]
[EventRounds "7"]
[EventCountry "GER"]
[Source "FV Schach e.V."]
[SourceDate "2015.07.06"]
[WhiteTeam "Europark Altenberg"]
[BlackTeam "BA Tempelhof Berlin"]
[WhiteTeamCountry "GER"]
[BlackTeamCountry "GER"]

1. e4 c6 2. d4 d5 3. e5 Bf5 4. Nd2 e6 5. Ngf3 c5 6. c4 Nc6 7. cxd5 Qxd5 8. Bc4
Qd7 9. dxc5 Bxc5 10. O-O Nge7 11. Qe2 O-O 12. Nb3 Bb6 13. Be3 1/2-1/2

[Event "XIV. DBMM Schach"]
[Site "Dresden"]
[Date "2014.11.21"]
[Round "4.4"]
[White "Baranowsky, Peter"]
[Black "Warnke, Eberhard"]
[Result "1/2-1/2"]
[WhiteElo "2009"]
[BlackElo "1854"]
[Annotator "pb"]
[PlyCount "36"]
[EventDate "2014.??.??"]
[EventType "team-swiss"]
[EventRounds "7"]
[EventCountry "GER"]
[Source "FV Schach e.V."]
[SourceDate "2015.07.06"]
[WhiteTeam "BA Tempelhof Berlin"]
[BlackTeam "Europark Altenberg"]
[WhiteTeamCountry "GER"]
[BlackTeamCountry "GER"]

1. c4 e5 2. Nc3 Nf6 3. g3 d5 4. cxd5 Nxd5 5. Bg2 Nb6 6. Nf3 Nc6 7. d3 Be7 8.
O-O O-O 9. Be3 Be6 10. Qd2 f6 11. Rfd1 Qd7 12. h4 Rfd8 13. Kh2 Qc8 14. Ne1 Nc4
15. Qc1 Nxe3 16. Qxe3 Nd4 17. Qd2 c6 18. e3 Nf5 1/2-1/2

[Event "XIV. DBMM Schach"]
[Site "Dresden"]
[Date "2014.11.21"]
[Round "4.2"]
[White "Scholvin, Erich"]
[Black "Gebert Vangeel, Ralf"]
[Result "1-0"]
[WhiteElo "2105"]
[BlackElo "2041"]
[Annotator "rgv"]
[PlyCount "65"]
[EventDate "2014.??.??"]
[EventType "team-swiss"]
[EventRounds "7"]
[EventCountry "GER"]
[Source "FV Schach e.V."]
[SourceDate "2015.07.06"]
[WhiteTeam "SV RAPID Unilever Hamburg"]
[BlackTeam "SV OSRAM Berlin"]
[WhiteTeamCountry "GER"]
[BlackTeamCountry "GER"]

1. d4 d5 2. Nf3 Nf6 3. e3 c5 4. b3 Nc6 5. Bb2 Bf5 6. a3 Rc8 7. dxc5 e6 8. b4
Be7 9. Bd3 Bg4 10. Nbd2 O-O 11. h3 Bxf3 12. Nxf3 a5 13. c3 Qc7 14. Nd4 e5 15.
Nxc6 bxc6 16. O-O e4 17. Be2 Nd7 18. Qc2 f5 19. c4 Rb8 20. cxd5 cxd5 21. Bc3 f4
22. exf4 Qxf4 23. Rad1 Nf6 24. Qd2 Qxd2 25. Rxd2 axb4 26. axb4 e3 27. fxe3 Ne4
28. Rxf8+ Kxf8 29. Rc2 Bg5 30. Bd4 Rxb4 31. Bf3 Rb1+ 32. Kh2 Ke8 33. c6 1-0

[Event "XIV. DBMM Schach"]
[Site "Dresden"]
[Date "2014.11.21"]
[Round "4.4"]
[White "Ristic, Sreten"]
[Black "Mayer, Herbert"]
[Result "1/2-1/2"]
[WhiteElo "1925"]
[BlackElo "1970"]
[Annotator "hm"]
[PlyCount "94"]
[EventDate "2014.??.??"]
[EventType "team-swiss"]
[EventRounds "7"]
[EventCountry "GER"]
[Source "FV Schach e.V."]
[SourceDate "2015.07.06"]
[WhiteTeam "SV RAPID Unilever Hamburg"]
[BlackTeam "SV OSRAM Berlin"]
[WhiteTeamCountry "GER"]
[BlackTeamCountry "GER"]

1. c4 Nf6 2. Nf3 g6 3. b3 Bg7 4. Bb2 O-O 5. Qc2 c5 6. a3 Nc6 7. e3 Re8 8. Be2
b6 9. d3 Bb7 10. Nbd2 e5 11. Rc1 d5 12. cxd5 Nxd5 13. O-O Rc8 14. Qb1 Na5 15.
Qa1 Qe7 16. Rfe1 Rcd8 17. Bf1 Ba6 18. Qa2 Bb7 19. h3 Nc6 20. Ne4 Kh8 21. g4 Nf6
22. Nfd2 Nxe4 23. Nxe4 Qh4 24. Qa1 Na5 25. Nd2 Bd5 26. b4 Nb7 27. e4 Bc6 28.
Re3 Re6 29. f4 Kg8 30. fxe5 Bh6 31. Rce1 Bxe3+ 32. Rxe3 Qg5 33. Kf2 Bb5 34. Nf3
Qe7 35. a4 Be8 36. bxc5 bxc5 37. Be2 Ra6 38. Bd1 Na5 39. Qa2 Nc6 40. Qc4 Nb4
41. d4 Bxa4 42. Bxa4 Rxa4 43. Ra3 Rxa3 44. Bxa3 Qe6 45. d5 Qa6 46. Qxa6 Nxa6
47. Nd2 f5 1/2-1/2

[Event "XIV. DBMM Schach"]
[Site "Dresden"]
[Date "2014.11.21"]
[Round "4.2"]
[White "Segerberg, Tomas"]
[Black "Hein, Ralf"]
[Result "1/2-1/2"]
[WhiteElo "2075"]
[BlackElo "2047"]
[Annotator "br"]
[PlyCount "112"]
[EventDate "2014.??.??"]
[EventType "team-swiss"]
[EventRounds "7"]
[EventCountry "GER"]
[Source "FV Schach e.V."]
[SourceDate "2015.07.06"]
[WhiteTeam "EPA Muenchen"]
[BlackTeam "Baubehoerde Hamburg"]
[WhiteTeamCountry "GER"]
[BlackTeamCountry "GER"]

1. c4 c5 2. Nf3 Nc6 3. d4 cxd4 4. Nxd4 g6 5. e4 Bg7 6. Be3 Nf6 7. Nc3 O-O 8.
Be2 d6 9. O-O Bd7 10. Nc2 Rc8 11. Rc1 b6 12. f3 Ne8 13. Qd2 Ne5 14. b3 Nc7 15.
Rfd1 Qe8 16. Nb4 f5 17. exf5 Bxf5 18. Nbd5 Nxd5 19. Nxd5 Qf7 20. Bg5 Nc6 21.
Re1 e5 22. Bd3 Bxd3 23. Qxd3 h6 24. Bh4 Rce8 25. Nc3 Nd4 26. Rf1 g5 27. Bg3 Re6
28. Ne4 Rg6 29. Rcd1 h5 30. h3 Qe6 31. Be1 g4 32. fxg4 hxg4 33. Rxf8+ Kxf8 34.
h4 Bh6 35. Bb4 g3 36. Bxd6+ Kg8 37. Bxe5 Qxe5 38. Ng5 Rxg5 39. hxg5 Bxg5 40.
Qg6+ Kh8 41. Rf1 Be3+ 42. Kh1 Bf2 43. Qf7 Qg5 44. Qf8+ Kh7 45. Qf7+ Kh6 46.
Qf8+ Kh5 47. Qf7+ Kh6 48. Qf8+ Kh7 49. Qf7+ Qg7 50. Rxf2 gxf2 51. Qxf2 Qh6+ 52.
Kg1 Qc1+ 53. Kh2 Qd1 54. Qf7+ Kh6 55. Qxa7 Qh5+ 56. Kg1 Qd1+ 1/2-1/2

[Event "XIV. DBMM Schach"]
[Site "Dresden"]
[Date "2014.11.21"]
[Round "4.3"]
[White "Kaliski, Achim"]
[Black "Heer, Stephan"]
[Result "1/2-1/2"]
[WhiteElo "1976"]
[BlackElo "2134"]
[Annotator "br"]
[PlyCount "110"]
[EventDate "2014.??.??"]
[EventType "team-swiss"]
[EventRounds "7"]
[EventCountry "GER"]
[Source "FV Schach e.V."]
[SourceDate "2015.07.06"]
[WhiteTeam "Baubehoerde Hamburg"]
[BlackTeam "EPA Muenchen"]
[WhiteTeamCountry "GER"]
[BlackTeamCountry "GER"]

1. e4 g6 2. f4 Bg7 3. Nf3 d5 4. e5 Bg4 5. d4 h5 6. Be2 Nh6 7. Nbd2 Nf5 8. Nb3
e6 9. Ng5 Bxe2 10. Qxe2 Nd7 11. c3 Bf8 12. Nd2 Be7 13. Ndf3 c5 14. dxc5 Bxc5
15. Bd2 Rc8 16. Rc1 Nb6 17. b4 Be7 18. O-O Nc4 19. Rfd1 Qb6+ 20. Qf2 Qxf2+ 21.
Kxf2 Nb2 22. Ke2 Nxd1 23. Rxd1 Rc4 24. Kd3 O-O 25. Rb1 b5 26. a4 bxa4 27. Ra1
a5 28. Rxa4 axb4 29. cxb4 Rb8 30. Ra7 Bxb4 31. Bxb4 Rcxb4 32. Nxf7 Rxf4 33. Nd6
Rg4 34. g3 Nxg3 35. Nd4 Ne4 36. Nxe6 Rb3+ 37. Kc2 Rc3+ 38. Kb2 Rg2+ 39. Kb1
Nxd6 40. exd6 Rf3 41. Rc7 Rf1+ 42. Rc1 Rf7 43. Rc8+ Kh7 44. Rc7 Rg1+ 45. Kb2
Rg2+ 46. Kc3 Kg8 47. Rxf7 Kxf7 48. d7 Kxe6 49. d8=Q Rxh2 50. Qe8+ Kf5 51. Qf7+
Kg5 52. Qxd5+ Kh6 53. Qe6 Rg2 54. Kd4 Rg4+ 55. Ke5 Rg5+ 1/2-1/2

[Event "XIV. DBMM Schach"]
[Site "Dresden"]
[Date "2014.11.21"]
[Round "4.4"]
[White "Bohnhoff, Peter"]
[Black "Groeppel, Peter"]
[Result "1-0"]
[WhiteElo "2060"]
[BlackElo "1910"]
[Annotator "br"]
[PlyCount "123"]
[EventDate "2014.??.??"]
[EventType "team-swiss"]
[EventRounds "7"]
[EventCountry "GER"]
[Source "FV Schach e.V."]
[SourceDate "2015.07.06"]
[WhiteTeam "EPA Muenchen"]
[BlackTeam "Baubehoerde Hamburg"]
[WhiteTeamCountry "GER"]
[BlackTeamCountry "GER"]

1. Nf3 Nf6 2. d4 d5 3. e3 e6 4. Bd3 Be7 5. O-O Nbd7 6. b3 O-O 7. Bb2 a5 8. a3
c5 9. a4 b6 10. Qe2 Bb7 11. Nc3 Rc8 12. Nb5 Ne4 13. Rfd1 Ndf6 14. Ne5 cxd4 15.
exd4 Nd6 16. f3 Nxb5 17. Bxb5 Rc7 18. Rac1 Bb4 19. c3 Bd6 20. Qd2 Qe7 21. c4
Rfc8 22. Nd3 Bb4 23. Bc3 Bxc3 24. Rxc3 dxc4 25. bxc4 Qd6 26. Ne5 Nd5 27. Rcc1
Nb4 28. Qe3 h6 29. h3 Qe7 30. Nd3 Nxd3 31. Rxd3 Qf6 32. Rcd1 Bc6 33. d5 Bxb5
34. cxb5 exd5 35. Rxd5 Re7 36. Qd4 Qg6 37. Rd6 Re6 38. Qxb6 Rc2 39. Qd8+ Kh7
40. R1d2 Rc1+ 41. Kf2 Rxd6 42. Qxd6 f6 43. Qd3 f5 44. Qd6 Qg5 45. Re2 Qh4+ 46.
Ke3 Rc8 47. Qd7 Rc3+ 48. Kd2 Rc5 49. b6 Qb4+ 50. Ke3 Re5+ 51. Kf2 Qxb6+ 52. Kf1
Rc5 53. Re7 Rc1+ 54. Re1 Rxe1+ 55. Kxe1 Qg1+ 56. Ke2 Qxg2+ 57. Ke3 Qxh3 58. Qb5
Qh5 59. Kf2 Qh2+ 60. Ke3 Qg1+ 61. Ke2 Qh2+ 62. Ke3 {ZU} 1-0

[Event "XIV. DBMM Schach"]
[Site "Dresden"]
[Date "2014.11.21"]
[Round "4.1"]
[White "Schmidt, Harald"]
[Black "Safyanowsky, Mark"]
[Result "1/2-1/2"]
[WhiteElo "2364"]
[BlackElo "2248"]
[Annotator "br"]
[PlyCount "180"]
[EventDate "2014.??.??"]
[EventType "team-swiss"]
[EventRounds "7"]
[EventCountry "GER"]
[Source "FV Schach e.V."]
[SourceDate "2015.07.06"]
[WhiteTeam "Transit Hamburg"]
[BlackTeam "SV OSRAM Augsburg"]
[WhiteTeamCountry "GER"]
[BlackTeamCountry "GER"]

1. c4 Nf6 2. d4 e6 3. Nc3 d5 4. cxd5 exd5 5. Bg5 c6 6. Qc2 Nbd7 7. e3 Be7 8.
Bd3 O-O 9. h3 Re8 10. Nf3 Nf8 11. Bf4 a6 12. O-O Ng6 13. Bg3 Bd6 14. Bxd6 Qxd6
15. Rac1 Be6 16. Rfd1 Nd7 17. Na4 Qe7 18. Nc5 Nxc5 19. Qxc5 Qf6 20. Qc2 Bxh3
21. Ne5 Qg5 22. f4 Qg3 23. Qf2 Qxf2+ 24. Kxf2 Nxe5 25. dxe5 Bg4 26. Rh1 h5 27.
Be2 Bxe2 28. Kxe2 g6 29. Kd3 Kg7 30. Rh3 f6 31. exf6+ Kxf6 32. Rg1 Rh8 33. Rf3
Kf5 34. Rc1 Rae8 35. Rc3 Re4 36. Rb3 Rh7 37. Rb6 Rhe7 38. Rg3 Kf6 39. a3 h4 40.
Rh3 g5 41. fxg5+ Kxg5 42. Rf3 Rg4 43. Rf2 Rg3 44. Re2 Kh5 45. a4 Reg7 46. b4
Rxg2 47. Rxg2 Rxg2 48. Rxb7 Rg6 49. b5 cxb5 50. axb5 axb5 51. Rxb5 Rg5 52. Ke2
Kg4 53. Rb1 h3 54. Rg1+ Kh4 55. Rh1 Rf5 56. e4 Re5 57. Kf3 Rxe4 58. Ra1 Rb4 59.
Ra8 Kg5 60. Rd8 Rb3+ 61. Kf2 Rd3 62. Ke2 h2 63. Rh8 Ra3 64. Kf2 Ra2+ 65. Kf3
Kf5 66. Rh5+ Ke6 67. Ke3 Kd6 68. Kd4 Ra4+ 69. Kc3 Kc5 70. Rxh2 Ra3+ 71. Kb2 Re3
72. Kc2 Kc4 73. Rh4+ d4 74. Rh8 Re2+ 75. Kd1 Rf2 76. Rh3 Ra2 77. Rg3 Rh2 78.
Rf3 Kd5 79. Rg3 Ke5 80. Ra3 Rh1+ 81. Kd2 Rh2+ 82. Kd1 Kf4 83. Rb3 Rf2 84. Ra3
Rf3 85. Rxf3+ Kxf3 86. Kd2 Ke4 87. Ke2 d3+ 88. Kd1 Ke3 89. Ke1 d2+ 90. Kd1 Kd3
1/2-1/2

[Event "XIV. DBMM Schach"]
[Site "Dresden"]
[Date "2014.11.21"]
[Round "4.2"]
[White "Tokarev, Igor"]
[Black "Meister, Bernd Holger"]
[Result "1-0"]
[WhiteElo "2001"]
[BlackElo "1804"]
[Annotator "br"]
[PlyCount "91"]
[EventDate "2014.??.??"]
[EventType "team-swiss"]
[EventRounds "7"]
[EventCountry "GER"]
[Source "FV Schach e.V."]
[SourceDate "2015.07.06"]
[WhiteTeam "SV OSRAM Augsburg"]
[BlackTeam "Transit Hamburg"]
[WhiteTeamCountry "GER"]
[BlackTeamCountry "GER"]

1. c4 Nf6 2. Nc3 g6 3. e4 d6 4. d4 Bg7 5. f3 O-O 6. Be3 Nc6 7. Bd3 e5 8. Nge2
Ne8 9. d5 Ne7 10. Qd2 f5 11. exf5 gxf5 12. O-O-O Nf6 13. g3 Ng6 14. f4 Qe7 15.
fxe5 Nxe5 16. Nd4 Nfg4 17. Rde1 Nxe3 18. Qxe3 Qf6 19. Nce2 Bh6 20. Nf4 Bxf4 21.
gxf4 Ng6 22. h4 Kf7 23. h5 Ne7 24. Qf2 Bd7 25. Ne6 Rg8 26. Rh3 b5 27. Rhe3 bxc4
28. Bxc4 Nc8 29. Ba6 Rb8 30. Bxc8 Rbxc8 31. Ng5+ Rxg5 32. Re7+ Kf8 33. fxg5
Qxg5+ 34. Qe3 f4 35. Rf1 Qxe7 36. Rxf4+ Qf7 37. Rxf7+ Kxf7 38. Qxa7 Bf5 39. a4
Kf6 40. Qb7 Rg8 41. a5 Rg1+ 42. Kd2 Ke5 43. a6 Rg2+ 44. Kc3 Be4 45. a7 c5 46.
Qe7+ 1-0

[Event "XIV. DBMM Schach"]
[Site "Dresden"]
[Date "2014.11.21"]
[Round "4.3"]
[White "Ziller, Christian"]
[Black "Kolb, Wolfgang"]
[Result "1-0"]
[WhiteElo "2071"]
[BlackElo "2067"]
[Annotator "br"]
[PlyCount "117"]
[EventDate "2014.??.??"]
[EventType "team-swiss"]
[EventRounds "7"]
[EventCountry "GER"]
[Source "FV Schach e.V."]
[SourceDate "2015.07.06"]
[WhiteTeam "Transit Hamburg"]
[BlackTeam "SV OSRAM Augsburg"]
[WhiteTeamCountry "GER"]
[BlackTeamCountry "GER"]

1. d4 Nf6 2. Nf3 e6 3. Bf4 b6 4. e3 Bb7 5. Nbd2 d5 6. Bd3 Be7 7. Qe2 Nbd7 8. h3
Ne4 9. c3 O-O 10. Ne5 Nxd2 11. Qxd2 Nxe5 12. dxe5 c5 13. O-O Qc7 14. Qe2 Rfd8
15. Rfd1 a5 16. Rac1 a4 17. a3 Bc6 18. h4 Qb7 19. Qg4 Qd7 20. Bh6 Bf8 21. Bg5
Be7 22. Bf6 Bxf6 23. exf6 g6 24. h5 e5 25. Qg5 Qe6 26. e4 dxe4 27. Bc4 Qf5 28.
Qh6 Qxf6 29. hxg6 Qxg6 30. Qe3 Qg4 31. Be2 Qf4 32. Qh3 f5 33. Qh5 b5 34. g3 Be8
35. Qxe8+ Rxe8 36. gxf4 c4 37. fxe5 Rxe5 38. f3 Ra7 39. Rd8+ Kf7 40. fxe4 fxe4
41. Rf1+ Kg7 42. Rf2 Rae7 43. Rg2+ Kf7 44. Rh8 Ke6 45. Kf2 e3+ 46. Ke1 Rd5 47.
Rhg8 Kd7 48. Bf3 Rd6 49. R8g7 Rxg7 50. Rxg7+ Ke6 51. Bg4+ Ke5 52. Rd7 Rh6 53.
Ke2 Kf4 54. Rd4+ Kg3 55. Kxe3 Rh2 56. Be2 h5 57. Rd5 h4 58. Rg5+ Kh3 59. Bf1+
1-0

[Event "XIV. DBMM Schach"]
[Site "Dresden"]
[Date "2014.11.21"]
[Round "4.4"]
[White "Pilhoefer, Bernd"]
[Black "Bohn, Christoph"]
[Result "0-1"]
[WhiteElo "1547"]
[BlackElo "1920"]
[Annotator "br"]
[PlyCount "124"]
[EventDate "2014.??.??"]
[EventType "team-swiss"]
[EventRounds "7"]
[EventCountry "GER"]
[Source "FV Schach e.V."]
[SourceDate "2015.07.06"]
[WhiteTeam "SV OSRAM Augsburg"]
[BlackTeam "Transit Hamburg"]
[WhiteTeamCountry "GER"]
[BlackTeamCountry "GER"]

1. e4 e5 2. c3 Nf6 3. d3 Be7 4. f4 d6 5. Be2 Nc6 6. Nf3 Bg4 7. O-O O-O 8. h3
Bxf3 9. Bxf3 exf4 10. Bxf4 Ne5 11. Be2 c6 12. Nd2 Qb6+ 13. d4 Rfe8 14. Kh1 Ng6
15. Nc4 Qc7 16. Nd2 Rad8 17. Bg3 Bf8 18. Qc2 c5 19. d5 a6 20. c4 Nd7 21. Rf2
Nde5 22. Raf1 Be7 23. Nf3 Nxf3 24. Rxf3 Rf8 25. Rf5 Nh4 26. Rh5 Ng6 27. e5 dxe5
28. Bg4 Bd6 29. Qe4 Rde8 30. Rff5 h6 31. Rf1 Nf4 32. Bxf4 exf4 33. Qc2 Qe7 34.
Bf3 Qf6 35. g4 fxg3 36. Rf5 Qd4 37. Qc1 Qe3 38. Qc2 Re5 39. Rxe5 Qxe5 40. Bg2
Re8 41. Qb3 Qe7 42. Qf3 Rf8 43. Qh5 Qg5 44. Qd1 Re8 45. Qf3 f6 46. Qd3 Re3 47.
Qd1 f5 48. a3 Qf6 49. b4 cxb4 50. axb4 Bxb4 51. Qa4 Bd6 52. Qd7 f4 53. Qg4 Qe5
54. c5 Bxc5 55. Rxf4 Re1+ 56. Rf1 Rxf1+ 57. Bxf1 Bd6 58. Qc8+ Kf7 59. Qd7+ Kf6
60. Qd8+ Be7 61. Qb6+ Kg5 62. Qb3 Qe4+ 0-1

[Event "XIV. DBMM Schach"]
[Site "Dresden"]
[Date "2014.11.21"]
[Round "4.1"]
[White "Gempe, Thomas"]
[Black "Mueller, Ralf"]
[Result "1/2-1/2"]
[WhiteElo "2209"]
[BlackElo "2389"]
[Annotator "br"]
[PlyCount "130"]
[EventDate "2014.??.??"]
[EventType "team-swiss"]
[EventRounds "7"]
[EventCountry "GER"]
[Source "FV Schach e.V."]
[SourceDate "2015.07.06"]
[WhiteTeam "ADAC Muenchen"]
[BlackTeam "SG Stern Stuttgart"]
[WhiteTeamCountry "GER"]
[BlackTeamCountry "GER"]

1. d4 Nf6 2. c4 g6 3. Nc3 d5 4. e3 Bg7 5. Qb3 c5 6. dxc5 dxc4 7. Bxc4 O-O 8.
Bd2 Nc6 9. Nf3 Na5 10. Qb4 Nxc4 11. Qxc4 Be6 12. Qe2 Qc7 13. Nd4 $11 Bd7 14. b4
a5 15. bxa5 Qxc5 16. Nb3 Qc7 17. Rc1 Rac8 18. O-O Bc6 19. Nb5 Qb8 20. N5d4 Bd7
21. Nc5 Be8 22. Rfd1 Nd7 23. Bb4 Nxc5 24. Bxc5 Ba4 25. Re1 Rfe8 26. Bb6 Rxc1
27. Rxc1 Rc8 28. Qd2 Rxc1+ 29. Qxc1 e5 30. Nb3 h5 31. h3 Qe8 32. Qc7 Qc6 33.
Qxc6 Bxc6 34. Nc5 Bf8 35. a6 bxa6 36. Nxa6 Bb5 37. Nc5 Bxc5 38. Bxc5 e4 39. h4
f5 40. Kh2 Kf7 41. Kg3 Bc6 42. Kf4 Ke6 43. Bd4 Be8 44. Kg5 Kf7 45. Kf4 Ke6 46.
f3 Bc6 47. a3 Ba8 48. a4 Bc6 49. a5 Bb7 50. Bb6 Bc6 51. a6 Bb5 52. a7 Bc6 53.
Kg3 Ba8 54. Kf2 Bb7 55. Ke2 Kd5 56. fxe4+ Kxe4 57. Bc7 Kd5 58. Kf2 Ke6 59. g3
Ba8 60. Ke2 Bh1 61. Kd3 Ba8 62. Kd4 Bh1 63. Kc5 Be4 64. Bf4 Bf3 65. Kb6 Kd7
1/2-1/2

[Event "XIV. DBMM Schach"]
[Site "Dresden"]
[Date "2014.11.21"]
[Round "4.2"]
[White "Karthaus, Carsten"]
[Black "Weidl, Robert"]
[Result "1/2-1/2"]
[WhiteElo "1961"]
[BlackElo "1909"]
[Annotator "br"]
[PlyCount "47"]
[EventDate "2014.??.??"]
[EventType "team-swiss"]
[EventRounds "7"]
[EventCountry "GER"]
[Source "FV Schach e.V."]
[SourceDate "2015.07.06"]
[WhiteTeam "SG Stern Stuttgart"]
[BlackTeam "ADAC Muenchen"]
[WhiteTeamCountry "GER"]
[BlackTeamCountry "GER"]

1. e4 c5 2. Nf3 d6 3. d4 cxd4 4. Nxd4 Nf6 5. Nc3 g6 6. Be2 Bg7 7. O-O O-O 8.
Be3 Nc6 9. Nxc6 bxc6 10. Bf3 Qc7 11. Qe2 a5 12. Rfd1 Ba6 13. Qd2 Nd7 14. Bh6
Bxh6 15. Qxh6 Ne5 16. Be2 Bxe2 17. Nxe2 Qb6 18. Qc1 Rab8 19. b3 c5 20. Qe3 c4
21. Qxb6 Rxb6 22. Rd5 cxb3 23. axb3 Nc6 24. g3 1/2-1/2

[Event "XIV. DBMM Schach"]
[Site "Dresden"]
[Date "2014.11.21"]
[Round "4.3"]
[White "Gempe, Anet"]
[Black "Bangert, Udo"]
[Result "1/2-1/2"]
[WhiteElo "2027"]
[BlackElo "1905"]
[Annotator "br"]
[PlyCount "25"]
[EventDate "2014.??.??"]
[EventType "team-swiss"]
[EventRounds "7"]
[EventCountry "GER"]
[Source "FV Schach e.V."]
[SourceDate "2015.07.06"]
[WhiteTeam "ADAC Muenchen"]
[BlackTeam "SG Stern Stuttgart"]
[WhiteTeamCountry "GER"]
[BlackTeamCountry "GER"]

1. e4 e5 2. Nf3 Nc6 3. Bc4 Nf6 4. d4 exd4 5. O-O d5 6. exd5 Nxd5 7. Re1+ Be7 8.
Nxd4 Nxd4 9. Qxd4 Be6 10. Bg5 Bxg5 11. Qxd5 Qxd5 12. Bxd5 O-O-O 13. Bxe6+
1/2-1/2

[Event "XIV. DBMM Schach"]
[Site "Dresden"]
[Date "2014.11.21"]
[Round "4.4"]
[White "Molzan, Andreas"]
[Black "Obermeier, Karlheinz"]
[Result "1/2-1/2"]
[WhiteElo "1255"]
[BlackElo "1553"]
[Annotator "br"]
[PlyCount "42"]
[EventDate "2014.??.??"]
[EventType "team-swiss"]
[EventRounds "7"]
[EventCountry "GER"]
[Source "FV Schach e.V."]
[SourceDate "2015.07.06"]
[WhiteTeam "SG Stern Stuttgart"]
[BlackTeam "ADAC Muenchen"]
[WhiteTeamCountry "GER"]
[BlackTeamCountry "GER"]

1. e4 e5 2. Nf3 Nc6 3. Bc4 d6 4. Nc3 Be7 5. d3 Nf6 6. Be3 O-O 7. Qd2 Na5 8. h4
Nxc4 9. dxc4 Be6 10. b3 Qd7 11. Nh2 a6 12. f3 Ne8 13. g3 f5 14. O-O-O Nf6 15.
exf5 Bxf5 16. g4 Be6 17. g5 Nh5 18. Ne2 g6 19. Rdg1 b6 20. Ng3 Nf4 21. Ne2 Nh5
1/2-1/2

[Event "XIV. DBMM Schach"]
[Site "Dresden"]
[Date "2014.11.21"]
[Round "4.1"]
[White "Schmitzer, Klaus"]
[Black "Harzer, Paul"]
[Result "1-0"]
[WhiteElo "2271"]
[BlackElo "2123"]
[Annotator "br"]
[PlyCount "67"]
[EventDate "2014.??.??"]
[EventType "team-swiss"]
[EventRounds "7"]
[EventCountry "GER"]
[Source "FV Schach e.V."]
[SourceDate "2015.07.06"]
[WhiteTeam "AGI Frankfurt"]
[BlackTeam "Deutsche Bahn/BSW Berlin II"]
[WhiteTeamCountry "GER"]
[BlackTeamCountry "GER"]

1. e4 d5 2. exd5 Nf6 3. Bc4 Bg4 4. f3 Bf5 5. Nc3 Nbd7 6. g4 Nb6 7. Bb3 Bg6 8.
f4 h5 9. f5 Bh7 10. g5 Nfxd5 11. Qxh5 g6 12. fxg6 fxg6 13. Qg4 c6 14. Qd4 Rg8
15. Nf3 Bg7 16. Qg4 Qd7 17. Qxd7+ Kxd7 18. O-O Rgf8 19. Ne4 Bg8 20. d4 Rae8 21.
Bd2 Kc8 22. c3 Nd7 23. Rae1 Kb8 24. Bc2 e5 25. Nd6 Re6 26. dxe5 Nxe5 27. Nxe5
Rxf1+ 28. Rxf1 Rxe5 29. Bxg6 Ne3 30. Bxe3 Rxe3 31. Bf7 Bxf7 32. Rxf7 Be5 33.
Rxb7+ Ka8 34. Re7 1-0

[Event "XIV. DBMM Schach"]
[Site "Dresden"]
[Date "2014.11.21"]
[Round "4.2"]
[White "Klotzsche, Thomas"]
[Black "Guth, Thomas"]
[Result "1-0"]
[WhiteElo "1929"]
[BlackElo "2301"]
[Annotator "br"]
[PlyCount "137"]
[EventDate "2014.??.??"]
[EventType "team-swiss"]
[EventRounds "7"]
[EventCountry "GER"]
[Source "FV Schach e.V."]
[SourceDate "2015.07.06"]
[WhiteTeam "Deutsche Bahn/BSW Berlin II"]
[BlackTeam "AGI Frankfurt"]
[WhiteTeamCountry "GER"]
[BlackTeamCountry "GER"]

1. e4 e6 2. d4 d5 3. exd5 exd5 4. Bd3 Nc6 5. c3 Bd6 6. h3 Nge7 7. Qf3 Be6 8.
Ne2 Qd7 9. Bf4 Ng6 10. Bxd6 Qxd6 11. h4 O-O-O 12. Na3 Qd7 13. Nc2 Bg4 14. Qg3
Bf5 15. O-O-O h5 16. Ne3 Bxd3 17. Rxd3 Nce7 18. Nf4 Rh6 19. Nh3 Rf8 20. f4 f5
21. Ng5 Ng8 22. Nf3 Nf6 23. Ne5 Nxe5 24. dxe5 Ne4 25. Qf3 c6 26. Rhd1 Qe6 27.
b3 Rg6 28. c4 d4 29. Rxd4 Rg3 30. Qe2 g6 31. Qe1 Rxe3 32. Qxe3 Qe7 33. g3 Qb4
34. Kb2 Nc5 35. Rc1 a5 36. Ka1 Qa3 37. Rcd1 a4 38. R4d3 axb3 39. Rxb3 Nxb3+ 40.
Qxb3 Qc5 41. Qd3 Kb8 42. Qd6+ Qxd6 43. Rxd6 Rg8 44. Kb2 Kc7 45. c5 b6 46. cxb6+
Kxb6 47. a4 Kc5 48. a5 Ra8 49. Rxg6 Rxa5 50. Rf6 Rb5+ 51. Kc3 Ra5 52. Kb3 Rb5+
53. Kc2 Ra5 54. Rxf5 Kc4 55. Kd2 Kd4 56. e6 Ra2+ 57. Kc1 Ra7 58. Rxh5 c5 59.
Re5 Re7 60. Kc2 c4 61. h5 c3 62. h6 Ra7 63. e7 Ra2+ 64. Kb3 c2 65. e8=Q c1=N+
66. Kb4 Nd3+ 67. Kb5 Rb2+ 68. Kc6 Nb4+ 69. Kd6 1-0